| 000 | 00590nam a22002057a 4500 | ||
|---|---|---|---|
| 999 |
_c172896 _d172896 |
||
| 005 | 20200224120803.0 | ||
| 008 | 080922t xxu||||| |||| 00| 0 eng d | ||
| 010 | _aENG-127842 | ||
| 020 | _c450.00 | ||
| 035 | _aEN-111374 | ||
| 037 | _bDBAD / PUB | ||
| 040 | _bEnglish | ||
| 082 | _a920 | ||
| 100 | _aGupta,K.C | ||
| 245 |
_aLeaders of BJP/ _cby K.C.Gupta |
||
| 260 |
_aDelhi _bLaxmi book house _c2019 |
||
| 270 |
_a528/2-K/1-A, floor,Plot No-15,Gali No-05,Vishwas Nagar,Shahdara _bDelhi _e110032 |
||
| 300 |
_a144p. _c22cm(hb) |
||
| 942 |
_2ddc _cEN _mGUP _h920 |
||